000 00259nam a22001217a 4500
008 170324b xxu||||| |||| 00| 0 eng d
041 _aeng
080 _a615.83
100 _a8
101 _aSHM
245 _aYOGA FOR BACKACHES
_cSHARMA, P.S
942 _2udc
_cBK
999 _c8586
_d8586